Lo mejor de mí / (Registro nro. 4131)

Detalles MARC
000 -LEADER
fixed length control field 00925nam a2200241Ia 4500
003 - CONTROL NUMBER IDENTIFIER
control field OSt
005 - DATE AND TIME OF LATEST TRANSACTION
control field 20250710093745.0
008 - FIXED-LENGTH DATA ELEMENTS--GENERAL INFORMATION
fixed length control field 191128s2013 ck er 000 f spa d
020 ## - INTERNATIONAL STANDARD BOOK NUMBER
International Standard Book Number 9789588763095
040 ## - CATALOGING SOURCE
Original cataloging agency CO-JMCR
Transcribing agency CO-JMCR
041 ## - LANGUAGE CODE
Language code of text/sound track or separate title spa
082 04 - DEWEY DECIMAL CLASSIFICATION NUMBER
Classification number A-N
Item number SPAm
100 1# - MAIN ENTRY--PERSONAL NAME
Personal name Sparks, Nicholas,
Relator term autor
9 (RLIN) 8152
245 13 - TITLE STATEMENT
Title Lo mejor de mí /
Statement of responsibility, etc. Nicholas Sparks
250 ## - EDITION STATEMENT
Edition statement Primera edición
260 ## - PUBLICATION, DISTRIBUTION, ETC.
Place of publication, distribution, etc. Bogota :
Name of publisher, distributor, etc. Recaeditorial,
Date of publication, distribution, etc. 2013
300 ## - PHYSICAL DESCRIPTION
Extent 317 Páginas ;
Dimensions 22 cm.
500 ## - GENERAL NOTE
General note Incluye datios biográficos del autor
520 ## - SUMMARY, ETC.
Summary, etc. <<Todo el mundo quería creer que el amor eterno era posible. Ella tambíen lo creyó una vez, cuando tenia dieciocho años…>> Durante la primavera de 1984, cuando todavía iban al instituto, Amanda Collier y Dawson Cole se enamoraron para siempre.
650 14 - SUBJECT ADDED ENTRY--TOPICAL TERM
Topical term or geographic name entry element Novela estadounidense
9 (RLIN) 8153
700 ## - ADDED ENTRY--PERSONAL NAME
Personal name Iolanda Rabascall,
Relator term traductora
9 (RLIN) 8154
942 ## - ADDED ENTRY ELEMENTS (KOHA)
Source of classification or shelving scheme Dewey Decimal Classification
Koha item type Books
Existencias
Withdrawn status Lost status Source of classification or shelving scheme Damaged status Not for loan Collection code Home library Current library Date acquired Source of acquisition Total Checkouts Total Renewals Full call number Barcode Date last seen Date last checked out Copy number Koha item type
    Dewey Decimal Classification     Fiction Biblioteca Pública José María del Castillo y Rada Biblioteca Pública José María del Castillo y Rada 11/28/2019 Donación 16 8 A-N SPAm 201808950 10/18/2023 10/17/2023 Ej.1 Books